000 00522nam a2200169Ia 4500
008 090201s9999 xx 000 0 und d
010 _aKPL-19084
040 _bमराठी
041 _aमराठी
082 _a9702
_b19084
100 _aशान्ता बुध्दिसागर
245 _aकणव
_cशान्ता बुध्दिसागर
260 _c2004
_bशांता बुद्धीसागर
300 _a93
_bमोठा
600 _aकणव
942 _cBOOK
999 _c210203
_d210203